[Event "Challenge"]
[Site "http://www.queenalice.com/game.php?id=1868605"]
[Date "2026.1.28"]
[Round "-"]
[White "PRZ"]
[Black "JoseMessias"]
[Result "1-0"]
[WhiteElo "1496"]
[BlackElo "1654"]

1. c4 d5 2. c5 e5 3. d4 e4 4. Nc3 f5 5. f4 Nc6 6. Qa4 Bd7 7. Nxd5 Nce7 8. Qc4 b5
9. cxb6 axb6 10. Nxc7+ Qxc7 11. Qxc7 Nd5 12. Qe5+ Nde7 13. e3 g6 14. Qxh8 h5 15.
Bc4 O-O-O 16. Bxg8 Nxg8 17. Bd2 Nh6 18. Qf6 b5 19. b4 Ng4 20. Qa6+ Kc7 21. Rc1+
Kb8 22. Qb6+ Ka8 23. Rc7 Rb8 24. Qa6# 1-0

[Event "Challenge"]
[Site "http://www.queenalice.com/game.php?id=1868836"]
[Date "2026.2.3"]
[Round "-"]
[White "PRZ"]
[Black "jenyasm"]
[Result "0-1"]
[WhiteElo "1483"]
[BlackElo "1636"]

1. Nf3 d6 2. d4 c5 3. c3 c4 4. Qa4+ Nc6 5. Qxc4 a6 6. b4 Bd7 7. Ng5 e6 8. f4 d5
9. Qd3 h6 10. Nf3 Bd6 11. Ne5 Bxe5 12. dxe5 Qh4+ 13. g3 Qh5 14. e4 dxe4 15. Qxe4
Qf5 16. Qxf5 exf5 17. a4 g6 18. Nd2 Nge7 19. Nc4 O-O 20. Nd6 Rab8 21. Bc4 Be6
22. Be2 Rfd8 23. b5 Na7 24. Bf3 axb5 25. axb5 b6 26. Rxa7 Nc8 27. Nxc8 Rdxc8 28.
Kd2 Bc4 29. Ke3 Bxb5 30. Rd1 Rxc3+ 31. Kd2 Rxf3 32. Ra1 Rd3+ 33. Ke1 Rxd1+ 34.
Kxd1 Bc4 35. Kd2 b5 36. Kc3 Rd8 37. Kb4 Rd1 38. Ra8+ Kg7 39. Bb2 Kh7 40. Kc5 Rh1
41. h4 Rg1 42. Ra3 Rg2 43. Bd4 h5 44. Kd6 Rd2 45. Kc5 Rd3 46. Ra7 Rxg3 47. Rxf7+
Bxf7 0-1

[Event "Challenge"]
[Site "http://www.queenalice.com/game.php?id=1869247"]
[Date "2026.2.14"]
[Round "-"]
[White "iliov2008"]
[Black "PRZ"]
[Result "0-1"]
[WhiteElo "1495"]
[BlackElo "1530"]

1. e4 c5 2. Nc3 a6 3. Nf3 Nc6 4. a4 e5 5. h4 h5 6. d3 f6 7. Be3 Qa5 8. Bd2 Qd8
9. Nd5 d6 10. Bc3 g5 11. Qd2 g4 12. Nh2 Nd4 13. Ba5 Nxc2+ 14. Kd1 Qd7 15. Nb6
Qc6 16. Nxa8 Nd4 17. Nc7+ Kd7 18. f3 g3 19. Ng4 hxg4 20. Qc3 gxf3 21. gxf3 b6
22. Bh3+ Kxc7 23. f4 Bxh3 24. Rxh3 g2 25. Rg3 exf4 26. Rxg2 Rxh4 27. Rg1 f3 28.
Rf1 bxa5 29. Qxa5+ Kd7 30. Kd2 Bh6+ 31. Kd1 Nb3 32. Qe1 Rh2 33. Ra3 Rd2+ 34.
Qxd2 Nxd2 35. Rf2 Nxe4 36. Rf1 Ng3 37. Rf2 Qb7 38. b3 Qb4 39. Rfa2 f2 40. Rxf2
Qxa3 41. Rf3 Qxb3+ 42. Ke1 Ne4 43. Re3 Bxe3 0-1

[Event "Challenge"]
[Site "http://www.queenalice.com/game.php?id=1869248"]
[Date "2026.2.14"]
[Round "-"]
[White "amadeo"]
[Black "PRZ"]
[Result "0-1"]
[WhiteElo "1478"]
[BlackElo "1515"]

1. e4 g6 2. d3 Bg7 3. c3 d5 4. Nd2 e5 5. d4 exd4 6. cxd4 Bxd4 7. Ngf3 Bg4 8. h3
Bxf3 9. Qxf3 Nf6 10. Bd3 Nc6 11. O-O Ne5 12. Qe2 c5 13. Nf3 c4 14. Nxd4 cxd3 15.
Qe3 dxe4 16. f3 Nc4 17. Qf4 Qxd4+ 18. Kh2 Nh5 19. Qxe4+ Qxe4 20. fxe4 O-O 21. b3
Ne5 22. Rd1 f5 23. Ba3 Rfc8 24. Bd6 Nf7 25. Rxd3 fxe4 26. Rd4 e3 27. Bb4 Nh6 28.
g4 Ng7 29. Re4 Re8 30. Rxe8+ Rxe8 31. Re1 b6 32. Bc3 Ne6 33. Rxe3 a5 34. Bd2 Nf7
35. a4 Nd6 36. b4 Nc4 37. Re2 Nxd2 38. Rxd2 axb4 39. Rb2 b3 40. Rxb3 Nc5 41.
Rxb6 Nxa4 42. Ra6 Nc3 43. Ra3 Nd5 44. Rd3 Nf4 45. Rf3 g5 46. h4 Ne6 47. hxg5
Nxg5 48. Rf5 h6 49. Kg3 Ne4+ 50. Kh4 Kg7 51. Rf4 Kg6 52. Rf5 Ng5 53. Ra5 Re6 54.
Rf5 Re4 55. Ra5 Re6 56. Ra8 Nf3+ 57. Kg3 Ne5 58. Rg8+ Kf7 59. Ra8 Rg6 60. Ra7+
Kf6 61. Ra6+ Kg7 62. Rxg6+ Kxg6 63. Kh4 Nc6 64. Kg3 Kg5 65. Kh3 Ne5 0-1

[Event "Challenge"]
[Site "http://www.queenalice.com/game.php?id=1870136"]
[Date "2026.3.6"]
[Round "-"]
[White "crisvolei"]
[Black "PRZ"]
[Result "0-1"]
[WhiteElo "1622"]
[BlackElo "1533"]

1. e4 g6 2. d4 d5 3. Qf3 c6 4. Nc3 dxe4 5. Qxe4 Bf5 6. Qe5 Nd7 7. Qxh8 g5 8.
Qxg8 Nf6 9. d5 Nxg8 10. Bxg5 h6 11. Bh4 Bxc2 12. b3 Bg7 13. Kd2 Bg6 14. Nf3 cxd5
15. Bb5+ Kf8 16. Rhe1 Qc8 17. Rac1 d4 18. Nd5 Qf5 19. Bxe7+ Nxe7 20. Nxe7 Qf4+
21. Kd1 Bh7 22. Nd5 Qd6 23. Ne7 Qb4 24. Bd7 Qd6 25. Bf5 Bxf5 26. Nxf5 Qd7 27.
Nxg7 Kxg7 28. Ne5 Qd5 29. f3 Re8 30. Nd3 Re3 31. Rxe3 dxe3 32. Ke2 Qe6 33. g4
Kg6 34. Nf4+ Kg5 35. Nh5 Qa6+ 36. Kxe3 Qxa2 37. Rc5+ Kg6 38. Nf4+ Kg7 39. h4
Qxb3+ 40. Nd3 b5 41. h5 a5 42. f4 a4 43. g5 a3 44. Kd4 a2 45. Rc1 Qa4+ 46. Ke3
a1=Q 47. Rxa1 Qxa1 48. gxh6+ Kxh6 49. f5 Kxh5 50. Nc5 Kg4 0-1

[Event "Challenge"]
[Site "http://www.queenalice.com/game.php?id=1870137"]
[Date "2026.3.6"]
[Round "-"]
[White "PRZ"]
[Black "crisvolei"]
[Result "1-0"]
[WhiteElo "1546"]
[BlackElo "1606"]

1. d4 d5 2. c3 Nc6 3. g3 e5 4. Bg2 e4 5. e3 b5 6. b4 a5 7. bxa5 Rxa5 8. Qc2 b4
9. c4 Qd6 10. c5 Qf6 11. a4 Nh6 12. Ne2 Ng4 13. Nf4 Ba6 14. Nxd5 Qf5 15. Nxc7+
Kd7 16. Nxa6 b3 17. Qxb3 Qxf2+ 18. Kd1 Qxg2 19. Re1 Nf2+ 20. Kc2 Nd3+ 21. Kc3
Nxe1 22. Qb7+ Ke6 23. Qxc6+ Kf5 24. Qd5+ Kg6 25. Ra2 Qf1 26. Qxe4+ f5 27. Qe6+
Kg5 28. e4+ Kg4 29. Qxf5+ Qxf5 30. exf5 Rxa6 31. Rf2 Nf3 32. Kc4 Rxa4+ 33. Kd5
Rxd4+ 34. Ke6 Bxc5 35. Nc3 Rd6+ 36. Kf7 Bxf2 37. Ne4 Ra6 38. Nxf2+ Kxf5 39. g4+
Ke5 40. Nd3+ Kd5 41. Nb4+ Kc4 42. Nxa6 Nxh2 43. g5 h5 44. Kxg7 Ra8 45. Nc7 Ra7
46. Bf4 Ng4 47. Kg6 h4 48. Kh5 Nf2 49. Kxh4 Kd4 50. Nb5+ Ke4 51. Kg3 Ra8 52.
Nd6+ Kd5 53. Kxf2 Rf8 54. Kg3 Ke6 55. Ne4 Kf7 56. Kg4 Kg6 57. Bd6 Rf1 58. Bc5
Rg1+ 59. Bxg1 1-0

[Event "Challenge"]
[Site "http://www.queenalice.com/game.php?id=1870228"]
[Date "2026.3.7"]
[Round "-"]
[White "PRZ"]
[Black "bdpq"]
[Result "0-1"]
[WhiteElo "1545"]
[BlackElo "1648"]

1. c4 d5 2. c5 Nc6 3. d4 g6 4. f4 Bg7 5. e3 Nf6 6. Bd2 O-O 7. b4 b5 8. a4 bxa4
9. Qxa4 Bd7 10. Qa2 Be6 11. b5 Nb8 12. Nc3 c6 13. b6 a6 14. Qb3 Nbd7 15. b7 Rb8
16. Rxa6 Qc7 17. Ra8 Rxb7 18. Rxf8+ Bxf8 19. Qd1 Bg4 20. Nf3 Rb2 21. h3 Bf5 22.
g4 Bc2 23. Qe2 Qa7 24. Kf2 Bb3 25. g5 Bc4 26. Qe1 Ne4+ 27. Nxe4 Bxf1 28. Qxf1
dxe4 29. Qc1 Qa3 30. Ne5 Nxe5 31. dxe5 Qb4 32. Kg3 Rxd2 33. h4 e6 34. h5 Bxc5
35. hxg6 fxg6 36. Qa1 Qb7 37. Rb1 Qa7 38. Qc3 Rd3 39. Qc4 Rxe3+ 40. Kg4 Qf7 41.
Rb8+ Kg7 42. Qf1 Qf5+ 43. Kh4 Rf3 44. Qg2 Rxf4+ 45. Kg3 Rg4+ 0-1

[Event "Challenge"]
[Site "http://www.queenalice.com/game.php?id=1870642"]
[Date "2026.3.18"]
[Round "-"]
[White "TammieM3ENF"]
[Black "PRZ"]
[Result "0-1"]
[WhiteElo "1291"]
[BlackElo "1540"]

1. d4 c6 2. c4 e5 3. dxe5 Qa5+ 4. b4 Qxe5 5. a4 Bxb4+ 6. Nd2 Qxa1 7. f4 Nf6 8.
e4 Nxe4 9. Ke2 Nc3+ 10. Ke1 Nxd1 11. Kxd1 Qxa4+ 12. Ke2 Bxd2 13. Bxd2 Qxc4+ 14.
Kf2 Qc2 15. g4 Qxd2+ 16. Ne2 d5 17. f5 O-O 18. g5 Bxf5 19. Kg3 Qe3+ 20. Kg2
Qxg5+ 21. Ng3 Qd2+ 22. Be2 Bd3 23. h4 Bxe2 24. h5 Bxh5+ 25. Kh3 f5 26. Rf1 f4
27. Nh1 f3 28. Ng3 Qg2+ 29. Kh4 Qh2+ 30. Kg5 h6# 0-1

[Event "Challenge"]
[Site "http://www.queenalice.com/game.php?id=1871212"]
[Date "2026.3.29"]
[Round "-"]
[White "PRZ"]
[Black "renet54"]
[Result "1-0"]
[WhiteElo "1545"]
[BlackElo "1580"]

1. c4 c5 2. Nc3 Nc6 3. g3 Nf6 4. b3 g6 5. e4 Bg7 6. Bb2 O-O 7. Nf3 e5 8. Ne2 Nb4
9. d4 Qa5 10. Nc3 exd4 11. Nxd4 Nxe4 12. Qb1 Re8 13. Be2 Bxd4 14. O-O Qc7 15.
Nxe4 Qc6 16. Bxd4 Rxe4 17. Bxc5 Rxe2 18. Bxb4 d5 19. Rd1 dxc4 20. Rd8+ Kg7 21.
Bc3+ Kh6 22. Qc1+ Kh5 23. Qf4 Bh3 24. Qh4# 1-0

[Event "Challenge"]
[Site "http://www.queenalice.com/game.php?id=1871213"]
[Date "2026.3.29"]
[Round "-"]
[White "renet54"]
[Black "PRZ"]
[Result "0-1"]
[WhiteElo "1552"]
[BlackElo "1541"]

1. c4 e5 2. Nc3 c6 3. e4 g5 4. Qh5 Nf6 5. Qxg5 h6 6. Qxe5+ Be7 7. d3 Na6 8. Nf3
d6 9. Qd4 c5 10. Qe3 Ng4 11. Qf4 Nb4 12. Qd2 h5 13. Be2 h4 14. h3 Ne5 15. Nxe5
dxe5 16. O-O Rg8 17. Bf3 Nxd3 18. Qh6 Nxc1 19. Qh8 Rxh8 20. Raxc1 Rg8 21. Rfd1
Bd6 22. Nb5 Rg6 23. Rd3 Bxh3 24. Rcd1 Bxg2 25. Nxd6+ Kf8 26. Nxb7 Bxf3+ 27. Kf1
Qg5 28. Rxf3 Qg2+ 29. Ke2 h3 30. Nxc5 h2 31. Nd7+ Kg7 32. Nxe5 Rf6 33. Kd2 Rd8+
34. Kc1 Rxd1+ 35. Kxd1 h1=Q+ 0-1

[Event "Challenge"]
[Site "http://www.queenalice.com/game.php?id=1871278"]
[Date "2026.3.31"]
[Round "-"]
[White "EduardoRo"]
[Black "PRZ"]
[Result "1-0"]
[WhiteElo "1660"]
[BlackElo "1553"]

1. e4 c5 2. Nc3 e6 3. Nf3 d5 4. exd5 exd5 5. Bb5+ Nc6 6. O-O Ne7 7. d3 g6 8. Bg5
Bd7 9. Nxd5 Qa5 10. c4 Nxd5 11. Re1+ Nde7 12. a3 Bg7 13. Ra2 a6 14. Bxc6 Bxc6
15. Rxe7+ Kf8 16. Qe2 h6 17. Bd2 Qd8 18. Re3 h5 19. Ne5 Ba4 20. Rf3 f5 21. Nxg6+
Kg8 22. Rxf5 Be8 23. Ne7+ Kh7 24. Bg5 Qd4 25. Be3 Qd7 26. Rxh5+ Bh6 27. Rxh6+
Kg7 28. Bd4+ cxd4 29. Rxh8 Kxh8 30. Qe5+ Kh7 31. Qe4+ Kg7 32. b4 Kf8 33. Re2 Bh5
34. Qf4+ Bf7 35. Qh6+ Ke8 36. Qh8+ Bg8 37. Qxg8# 1-0

[Event "Challenge"]
[Site "http://www.queenalice.com/game.php?id=1871691"]
[Date "2026.4.8"]
[Round "-"]
[White "PRZ"]
[Black "jenyasm"]
[Result "0-1"]
[WhiteElo "1524"]
[BlackElo "1669"]

1. c4 e5 2. Nc3 c6 3. e4 d6 4. d4 exd4 5. Qxd4 Qe7 6. b3 Nf6 7. Bd3 g6 8. Bg5
Bg7 9. f3 h6 10. Bd2 O-O 11. h4 Nh5 12. Qf2 Nd7 13. g4 Nhf6 14. g5 hxg5 15. hxg5
Nh7 16. Nge2 f6 17. Qh2 Nxg5 18. Bxg5 fxg5 19. c5 Nxc5 20. Bc4+ Be6 21. Nd4 Bxc4
22. bxc4 Bxd4 23. Ne2 Bxa1 24. Kf2 Be5 25. Qh6 Nd3+ 26. Kf1 Nf4 27. Nxf4 gxf4
28. Qxg6+ Qg7 29. Rh7 Qxg6 0-1

[Event "Challenge"]
[Site "http://www.queenalice.com/game.php?id=1871745"]
[Date "2026.4.9"]
[Round "-"]
[White "PRZ"]
[Black "crisvolei"]
[Result "0-1"]
[WhiteElo "1514"]
[BlackElo "1543"]

1. c4 Na6 2. a3 Nc5 3. b4 Ne4 4. f3 Nf2 5. Kxf2 d5 6. c5 c6 7. d4 a5 8. Qb3 a4
9. Qd3 g6 10. e4 f5 11. e5 Bg7 12. b5 Qa5 13. Nc3 e6 14. Bd2 Qc7 15. b6 Qe7 16.
h4 h5 17. Bg5 Qf7 18. Qd1 f4 19. Nxa4 Nh6 20. Nh3 O-O 21. Nc3 Nf5 22. Nxf4 Bh6
23. Bxh6 Nxh6 24. g3 Nf5 25. g4 hxg4 26. fxg4 Nxh4 27. Ne2 g5 28. Kg3 Qh7 29.
Nh3 Rf3+ 30. Kh2 Ng6 31. Ng1 Rf2+ 32. Kg3 Qh4# 0-1